Melanges: 1ª serie

Guardat en:
Dades bibliogràfiques
Format: Llibre
Idioma:francès
Publicat: París J. Vrin 1929
Col·lecció:Cahiers de Philosophie de la Nature, 2
Matèries:
Etiquetes: Afegir etiqueta
Sense etiquetes, Sigues el primer a etiquetar aquest registre!

MARC

LEADER 00000nam a2200000 a 4500
001 UCZ4506
003 CL-VaPUC
008 951110e19290000FR |||||||||||||||||fre|d
082 0 4 |a 501  |b MEL  |2 21 
245 1 0 |a Melanges: 1ª serie 
300 |a 211 p 
942 |c BK 
945 |d 19951110 00:00:00  |a cmena 
260 |a París  |b J. Vrin  |c 1929 
500 |a Contiene: La méditerranée. La typologie des plantes. Cultures de tissus et biologie générale. Philosophie et science expérimentale 
650 0 |a Filosofía de las ciencias  |9 256466 
650 0 |a Filosofía de la naturaleza  |9 265899 
650 0 |a Cultura  |9 269059 
650 0 |a Biología  |9 262022 
650 0 |a Ciencia  |9 255691 
583 |a last modification  |c 19951110 00:00:00  |k Rodrigo Vera 
490 0 |a Cahiers de Philosophie de la Nature, 2 
999 |c 240879  |d 240877 
952 |0 0  |1 0  |4 0  |6 501_000000000000000_MEL_1929  |7 0  |8 P  |9 252940  |a BIBEDU  |b BIBEDU  |c BIBEDU_PB  |d 2019-11-19  |i 1598570  |o 501 MEL 1929  |p 1598570  |r 2024-01-25  |w 2019-11-19  |y BK  |k FIL